| 000 | 00589nam a2200193 a 4500 | ||
|---|---|---|---|
| 005 | 20140310183440.0 | ||
| 008 | 080509s19uu xx 00 eng d | ||
| 020 | _a1855391546 | ||
| 050 |
_aLC 3993 _b.T335 2006 |
||
| 100 | _aTeare, Barry | ||
| 245 |
_aSuccessful provision for able and talented children / _cBarry Teare |
||
| 260 |
_aLondon : _bNetwork Continuum Education, _c2006. |
||
| 300 |
_a96 p. : _bcol. ill. ; _c21 cm. |
||
| 521 | _aEDU | ||
| 650 |
_aGifted children _xEducation. |
||
| 650 |
_aGifted children _xEducation _xCurricula. |
||
| 942 |
_cBK _2lcc _kFOR |
||
| 999 |
_c23063 _d23063 |
||